• 首页
  • 本馆介绍
  • 公告通知
  • 最新文献
  • 馆藏检索
  • 电子资源
  • 读者导购
  • 参考咨询
  • 我的图书馆
  • 登录
  • 详细信息显示
  • 放入我的书架
  • 预约/预借图书
  • 作者相关作品
  • 分类相关作品
  • 丛书相关作品
  • 出版社相关作品

书目信息

  • 表格格式
  • 工作单格式
  • 卡片格式
题名:
中国翻译研究
    
 
作者: 许钧 , 穆雷 主编
分册:  
出版信息: 上海   上海外语教育出版社  2009
页数: 11,457页
开本: 23cm
丛书名: 新中国成立60周年外语教育发展研究丛书
单 册:
中图分类: H159
科图分类:
主题词: 翻译--研究--中国--1949~2009 , 翻译
电子资源:
ISBN: 978-7-5446-1538-9
000 01071oam2 2200301 45
001 1130193031
005 20110309161242.39
010    @a978-7-5446-1538-9@dCNY50.00
100    @a20100305d2009 em y0chiy50 ea
101 0  @achi
102    @aCN@b310000
105    @ay z 000yy
106    @ar
200 1  @a中国翻译研究@AZhong Guo Fan Yi Yan Jiu@e1949-2009@f许钧,穆雷主编@FXu Jun, Mu Lei Zhu Bian
210    @a上海@c上海外语教育出版社@d2009
215    @a11,457页@d23cm
225 2  @a新中国成立60周年外语教育发展研究丛书
300    @a广东省重点文科基地广东外语外贸大学翻译学研究中心研究成果
308    @a总主编:戴炜栋、胡文仲
330    @a本书展现了60年来我国翻译研究及其学科建设的主要成果,重点论述了该领域的发展趋势和研究方向,并提出建设性意见。
461  0 @12001 @a新中国成立60周年外语教育发展研究丛书
606 0  @a翻译@x研究@y中国@z1949~2009
606 0  @a翻译
690    @aH159@v4
701  0 @a许钧@AXu Jun@f(1954.9~)@4主编
701  0 @a穆雷@AMu Lei@c(女,@f1957~)@4主编
801  0 @aCN@bTANGWEI@c20110309
905    @b0530333-37@dH159@e461@f5
    
    中国翻译研究:1949-2009/许钧,穆雷主编.-上海:上海外语教育出版社,2009
    11,457页;23cm.-(新中国成立60周年外语教育发展研究丛书)
    广东省重点文科基地广东外语外贸大学翻译学研究中心研究成果
    
    ISBN 978-7-5446-1538-9:CNY50.00
    本书展现了60年来我国翻译研究及其学科建设的主要成果,重点论述了该领域的发展趋势和研究方向,并提出建设性意见。
●
相关链接 在E读中查询图书 在五车中查询图书 在当当中查询图书 在豆瓣中查询图书


正题名:中国翻译研究     索取号:H159/461         预约/预借

序号 登录号 条形码 馆藏地/架位号 状态 备注
1 0530333   205303330   第二样本阅览室/ [索取号:H159/461] 在馆    
2 0530334   205303349   第四借阅区/ [索取号:H159/461] 在馆    
3 0530335   205303358   第四借阅区/ [索取号:H159/461] 在馆    
4 0530336   205303367   第四借阅区/ [索取号:H159/461] 在馆    
5 0530337   205303376   第四借阅区/ [索取号:H159/461] 在馆    
唐山师范学院图书馆 欢迎您!
大连网信软件有限公司© 版权所有